Телевидение - судьба моя (Запись № 9600784)

Подробности
000 -МАРКЕР
контрольное поле 02510nam0a2200361 i 4500
001 - ИДЕНТИФИКАТОР ЗАПИСИ
контрольное поле RU\NLR\BIBL_A\010669762
005 - ИДЕНТИФИКАТОР ВЕРСИИ
контрольное поле 20260408070141.0
010 ## - МЕЖДУНАРОДНЫЙ СТАНДАРТНЫЙ НОМЕР КНИГИ (ISBN)
Номер (ISBN) 9785794422382
Тираж 200
021 ## - НОМЕР ГОСУДАРСТВЕННОЙ РЕГИСТРАЦИИ
Код страны Российская Федерация
Номер 2014-94254
Номер Листа государственной регистраци 5732
035 ## - ДРУГИЕ СИСТЕМНЫЕ НОМЕРА
Идентификатор записи (NILC)RuMoRGB-007838929
035 ## - ДРУГИЕ СИСТЕМНЫЕ НОМЕРА
Идентификатор записи (NLR Aleph) 010669762
100 ## - ДАННЫЕ ОБЩЕЙ ОБРАБОТКИ
Данные общей обработки 20150210d2013 m y0rusy50 ca
101 0# - ЯЗЫК РЕСУРСА
Язык текста, звукозаписи и т.д. русский
102 ## - СТРАНА ПУБЛИКАЦИИ ИЛИ ПРОИЗВОДСТВА
Страна публикации Российская Федерация
105 ## - ПОЛЕ КОДИРОВАННЫХ ДАННЫХ: ТЕКСТОВЫЕ МАТЕРИАЛЫ, МОНОГРАФИЧЕСКИЕ
Кодированные данные о монографическом текстовом документе ac z 010yy
200 1# - ЗАГЛАВИЕ И СВЕДЕНИЯ ОБ ОТВЕТСТВЕННОСТИ
Основное заглавие Телевидение - судьба моя
Сведения, относящиеся к заглавию о времени и о себе рассказывают выпускники филологического факультета Пермского университета, посвятившие свою деятельность телевидению
Первые сведения об ответственности М-во образования и науки Рос. Федерации, Федер. гос. бюджет. образоват. учреждение высш. проф. образования "Пермский гос. нац. исслед. ун-т"
Последующие сведения об ответственности [сост. И. В. Бурдина]
210 ## - ПУБЛИКАЦИЯ, РАСПРОСТРАНЕНИЕ И ДР.
Место издания, распространения и т.д. Пермь
Имя издателя, распространителя и т. д. Пермский государственный национальный исследовательский университет
Дата издания, распространения и т.д. 2013
215 ## - ФИЗИЧЕСКАЯ ХАРАКТЕРИСТИКА
Специфическое обозначение материала и объем 96 с., [9] л. ил., цв. ил., портр.
Размеры 21
300 ## - ОБЩИЕ ПРИМЕЧАНИЯ
Текст примечания На тит. л.: К 55-летию Пермского телевидения
601 02 - НАИМЕНОВАНИЕ ОРГАНИЗАЦИИ КАК ПРЕДМЕТ
Начальный элемент ввода Пермский государственный национальный исследовательский университет
Структурное подразделение организации Филологический факультет
Формальный подзаголовок Воспоминания, записки и т.п
Тематический подзаголовок Выпускники
Системный номер авторитетной/нормативной записи 2244742
Идентификатор авторитетной/нормативной записи RU\NLR\AUTH\6601577874
606 1# - НАИМЕНОВАНИЕ ТЕМЫ КАК ПРЕДМЕТ
Наименование темы Телевидение
Формальный подзаголовок Сборники
Географический подзаголовок Пермский край
Системный номер авторитетной/нормативной записи 2133979
Идентификатор авторитетной/нормативной записи RU\NLR\AUTH\661591266
606 1# - НАИМЕНОВАНИЕ ТЕМЫ КАК ПРЕДМЕТ
Наименование темы Тележурналисты
Формальный подзаголовок Воспоминания, записки и т.п
Географический подзаголовок Пермский край
Системный номер авторитетной/нормативной записи 2239890
Идентификатор авторитетной/нормативной записи RU\NLR\AUTH\6601575581
686 1# - ИНДЕКСЫ ДРУГИХ КЛАССИФИКАЦИЙ
Индекс Ч632.4(2Р-4Пе)я43
686 1# - ИНДЕКСЫ ДРУГИХ КЛАССИФИКАЦИЙ
Индекс Ч489.614.48
702 #1 - ИМЯ ЛИЦА - ВТОРИЧНАЯ ОТВЕТСТВЕННОСТЬ
Начальный элемент ввода Бурдина
Часть имени, кроме начального элемента ввода И. В.
Расширение инициалов личного имени Инга Владимировна
Код отношения Составитель
711 02 - НАИМЕНОВАНИЕ ОРГАНИЗАЦИИ - АЛЬТЕРНАТИВНАЯ ОТВЕТСТВЕННОСТЬ
Код отношения Прочие
Начальный элемент ввода Пермский государственный национальный исследовательский университет
Структурное подразделение Филологический факультет
Идентификатор авторитетной/нормативной записи RU\NLR\AUTH\8810211805
Системный номер авторитетной/нормативной записи 310707
801 #0 - ИСТОЧНИК ЗАПИСИ
Страна Российская Федерация
Организация РГБ
Дата составления 20141216
Правила каталогизации RCR
801 #1 - ИСТОЧНИК ЗАПИСИ
Страна Российская Федерация
Организация РГБ
Дата составления 20141216
Источник данных rusmarc
942 ## - ДОПОЛНИТЕЛЬНЫЕ ЭЛЕМЕНТЫ ЗАПИСИ (АБИС)
Тип экземпляра АБИС Книга
980 ## - КОЛЛЕКЦИЯ
Название коллекции НБР

Нет доступных экземпляров.